000 00620nam a22001937a 4500
003 OSt
005 20230125144026.0
008 220916b |||||||| |||| 00| 0 eng d
040 _cBiblioteca Lado V
082 _a750
_bH945r
100 _9619
_aHunter, Sam
_eautor
245 _aRoberto Barni: Myths for our time/
260 _aNew York
_bDiLaurenti Gallery Ltd.
_c1987
300 _a42p.
_c25x28cm
650 _2Tesauro de Arte & Arquitectura
_aPINTURA
650 _2Tesauro de Arte & Arquitectura
_aCATALOGO
650 _2Tesauro de Arte & Arquitectura
_aARTE
942 _2ddc
_c1
_h750
_iH945r
_n0
999 _c2886
_d2886